LEADER 01150nam a2200277 a 4500 001 000000170905 003 CaOOAMICUS 005 20181203121151.0 008 181203s2001 mau u000 u eng r 020 $a0631230181* 032 $aLibriCat 040 $aPUL$bita 082 04$a610 100 1 $aRescher, Nicholas.$0(OLS)http://pul/name/109909 245 10$aPhilosophical reasoning :$ba study in the methodology of philosophizing /$cNicholas Rescher. 260 $aMalden, Mass. :$bBlackwell Publishers,$c2001. 300 $axi, 282 p. ;$c23 cm. 650 4$aFilosofia$xMetodologia.$0(OLS)http://pul/subject/45797 850 $aPUL 852 $aPUL$W1$xDP2 Filosofia 3$y112$m101 RESNI 1$j194212$qDDC 21$B199424$CPULBib$Z2$F199424 $H131814 $81 941 1 $a9 996 $6020$a0631230181*$9(OLS)http://pul/number/165471 996 $6082$a610$9(OLS)http://pul/classification/639 996 $6245$aPhilosophical reasoning : $ba study in the methodology of philosophizing$9(OLS)http://pul/title/211750 996 $6260$aMalden, Mass. :$bBlackwell Publishers$9(OLS)http://pul/publisher/69874 LEADER 01074nam a2200277 a 4500 001 000000166966 003 CaOOAMICUS 005 20180411092005.0 008 180411s1968 it u000 u ita r 032 $aLibriCat 040 $aPUL$bita 041 1 $aita$hfre 100 1 $aGreimas, Algirdas Julien,$d1917-$0(OLS)http://pul/name/54576 240 10$aSemantique structurale.$lItaliano.$0(OLS)http://pul/title/206763 245 13$aLa semantica strutturale :$bricerca di metodo /$cAlgirdas Julien Greimas. 260 $aMilano :$bRizzoli,$cİ1968. 300 $a319 p. ;$c21 cm. 490 1 $aSaggi 650 4$aSemantica.$0(OLS)http://pul/subject/9132 830 0$aSaggi Rizzoli.$0(OLS)http://pul/title/73353 850 $aPUL 852 $aPUL$W1$xDP1 Fondo Dalla Palma$y117$m1 D 15$j23485$qFondi$B194495$CPULBib$Z2$F194495 $HDal2741 $81 941 1 $a1 996 $6245$aLa semantica strutturale :$bricerca di metodo$9(OLS)http://pul/title/206764 996 $6260$aMilano :$bRizzoli$9(OLS)http://pul/publisher/48712